| 000 | 00769nam a2200241Ia 4500 | ||
|---|---|---|---|
| 001 | 9146 | ||
| 003 | GE_BSU | ||
| 008 | 181216s||||||||xx |||||||||||||| ||und|| | ||
| 040 | _cGE_BSU | ||
| 080 | _a821.353.1-32 | ||
| 100 | _aლომიძე,ანდრო | ||
| 245 | _aსიყვარული | ||
| 245 | _bმოთხრობები | ||
| 245 | _cრედ:ნ.ხომერიკი;მხატვ:ნ.იანქოშვილი | ||
| 260 | _aთბილისი. | ||
| 260 | _bლიტერატურა და ხელოვნება. | ||
| 260 | _c1967 | ||
| 300 | _a469გვ;20სმ | ||
| 300 | _b1ფ.პორტრ | ||
| 653 | _aმოთხრობები | ||
| 653 | _aსიყვარული | ||
| 942 | _cBK | ||
| 999 |
_c42450 _d42450 |
||